Auditoría energética en la planta de ácido nítrico # 1 de FERTICA, Puntarenas
Enregistré dans:
| Auteur principal: | |
|---|---|
| Format: | Livre |
| Publié: |
San José, Costa Rica
1989
|
| Sujets: | |
| Tags: |
Ajouter un tag
Pas de tags, Soyez le premier à ajouter un tag!
|
MARC
| LEADER | 00000nam a2200000Ia 4500 | ||
|---|---|---|---|
| 003 | 004727 | ||
| 005 | 20221231144338.0 | ||
| 008 | 140114s1989 c a m 000 ||s d | ||
| 040 | |c cru CEDI | ||
| 090 | |a TFG 2195 | ||
| 100 | |a Madrigal Araya, Placido |9 13272 | ||
| 245 | |a Auditoría energética en la planta de ácido nítrico # 1 de FERTICA, Puntarenas | ||
| 260 | |c 1989 |a San José, Costa Rica | ||
| 300 | |a 214 hojas ; 28 cm | ||
| 500 | |a Proyecto de graduación (licenciatura en ingeniería química)--Universidad de Costa Rica. Facultad de Ingeniería. Escuela de Ingeniería Química | ||
| 650 | |x ENERGIA ELECTRICA - COSTOS |x CONSERVACION DE LA ENERGIA |9 13274 | ||
| 942 | |c TFG | ||
| 999 | |c 20482 |d 20482 | ||
